[Event "Festival Aloas 2014 - Magistral"]
[Site "Buenos Aires ARG"]
[Date "2014.11.20"]
[Round "1.1"]
[White "Pichot, Alan"]
[Black "Garcia Palermo, Carlos"]
[Result "1-0"]
[WhiteElo "2464"]
[BlackElo "2449"]
[PlyCount "77"]
[EventDate "2014.11.20"]
[EventRounds "1"]
[EventCountry "ARG"]
[Source "lmi"]
[SourceDate "2014.11.20"]

1. e4 d5 2. exd5 Qxd5 3. Nc3 Qd6 4. d4 Nf6 5. Bd3 g6 6. Nge2 Bg7 7. Bf4 Qb6 8.
O-O c6 9. a4 a5 10. Qd2 O-O 11. Rfe1 Na6 12. Bc4 Nb4 13. Bb3 Nbd5 14. Nxd5 cxd5
15. Bh6 Bd7 16. Bxg7 Kxg7 17. Nf4 e6 18. Qe3 Qd6 19. Qg3 Ra6 20. f3 b5 21. axb5
Bxb5 22. Rxa5 Qb6 23. Rxa6 Bxa6 24. Qf2 Bc4 25. Bxc4 dxc4 26. c3 Ra8 27. h4 Ra2
28. Re2 h6 29. g4 Qb8 30. Qh2 Qb7 31. g5 Qxf3 32. gxf6+ Kxf6 33. Re1 Qg4+ 34.
Kh1 Kg7 35. Rf1 Ra5 36. d5 exd5 37. Qf2 Kg8 38. Nxg6 Ra7 39. Nf4 1-0

[Event "Festival Aloas 2014 - Magistral"]
[Site "Buenos Aires ARG"]
[Date "2014.11.20"]
[Round "1.2"]
[White "Della Morte, German"]
[Black "Sorin, Ariel"]
[Result "1-0"]
[WhiteElo "2392"]
[BlackElo "2442"]
[PlyCount "89"]
[EventDate "2014.11.20"]
[EventRounds "1"]
[EventCountry "ARG"]
[Source "lmi"]
[SourceDate "2014.11.20"]

1. e4 e5 2. Nf3 Nc6 3. d4 exd4 4. Nxd4 Bc5 5. Be3 Qf6 6. c3 Nge7 7. Bc4 d6 8.
O-O Ne5 9. Be2 Bd7 10. Nd2 g5 11. b4 Bb6 12. a4 a6 13. Qb3 N7g6 14. a5 Ba7 15.
b5 axb5 16. Nxb5 Bb8 17. Nd4 Bc8 18. N2f3 Nf4 19. Bxf4 gxf4 20. Nxe5 dxe5 21.
Nf5 O-O 22. Bg4 Ra7 23. Qb4 Be6 24. Rfd1 c6 25. Qb6 h5 26. Bh3 Kh7 27. Rd3 Rc8
28. Rad1 Ra6 29. Qxb7 Rxa5 30. Nd6 Bxd6 31. Rxd6 Re8 32. Qxc6 Re7 33. Bf5+ Kg7
34. Rd8 Ra2 35. h3 Qh4 36. Qc5 Bxf5 37. exf5 Kf6 38. Rg8 Rb2 39. Re1 Kxf5 40.
Rd1 Re6 41. Qa7 Re7 42. Qc5 f3 43. g4+ hxg4 44. hxg4+ Kf4 45. Qe3# 1-0

[Event "Festival Aloas 2014 - Magistral"]
[Site "Buenos Aires ARG"]
[Date "2014.11.20"]
[Round "1.3"]
[White "Bachmann, Axel"]
[Black "Saldaño Dayer, Horacio"]
[Result "1-0"]
[WhiteElo "2621"]
[BlackElo "2449"]
[PlyCount "99"]
[EventDate "2014.11.20"]
[EventRounds "1"]
[EventCountry "ARG"]
[Source "lmi"]
[SourceDate "2014.11.20"]

1. Nf3 Nf6 2. c4 d6 3. d4 g6 4. Nc3 Nbd7 5. e4 e5 6. d5 Nc5 7. Qc2 a5 8. Be3 b6
9. h3 Nh5 10. O-O-O Bg7 11. g3 O-O 12. Nd2 f5 13. exf5 Bxf5 14. Nde4 Nxe4 15.
Nxe4 Nf6 16. f3 Nh5 17. Rg1 Bxe4 18. Qxe4 Nf6 19. Qc2 e4 20. f4 Nd7 21. h4 Nc5
22. h5 gxh5 23. Rh1 Qe8 24. Be2 Nd3+ 25. Bxd3 exd3 26. Qxd3 Qg6 27. Bd4 Bxd4
28. Qxd4 Rae8 29. Rhe1 Rxe1 30. Rxe1 Re8 31. Rxe8+ Qxe8 32. Kd2 Qg6 33. Qe3 Kf7
34. Kc3 Qf5 35. Kb3 Kf8 36. Ka3 Kf7 37. b3 Qg4 38. Qe4 Qxg3 39. Qxh7+ Kf8 40.
Qxh5 Qd3 41. Qh6+ Ke7 42. f5 Qd4 43. Qh7+ Kd8 44. Qg8+ Kd7 45. Qe6+ Kd8 46.
Qg8+ Kd7 47. Qg2 Qc5+ 48. Kb2 Qd4+ 49. Kc2 a4 50. Qf1 1-0

[Event "Festival Aloas 2014 - Magistral"]
[Site "Buenos Aires ARG"]
[Date "2014.11.20"]
[Round "1.4"]
[White "Blit, Jacques"]
[Black "Dolezal, Cristian"]
[Result "0-1"]
[WhiteElo "2337"]
[BlackElo "2386"]
[PlyCount "126"]
[EventDate "2014.11.20"]
[EventRounds "1"]
[EventCountry "ARG"]
[Source "lmi"]
[SourceDate "2014.11.20"]

1. e4 c5 2. Nf3 e6 3. d4 cxd4 4. Nxd4 a6 5. Bd3 Nc6 6. Nxc6 bxc6 7. O-O d5 8.
c4 Nf6 9. Nc3 d4 10. Ne2 e5 11. h3 Bd6 12. f4 O-O 13. f5 Be7 14. Kh1 Nd7 15.
Ng1 Nc5 16. Nf3 f6 17. Bb1 a5 18. b3 Bd7 19. Ne1 Be8 20. Qe2 Bf7 21. Bd2 Qb6
22. Bc2 Rfd8 23. Rf3 Bh5 24. g4 Bf7 25. Rb1 Rd7 26. a4 Rb7 27. Rf1 Qd8 28. Nd3
Rab8 29. Nxc5 Bxc5 30. Qd3 Bb4 31. Bxb4 Rxb4 32. Rg1 h6 33. h4 Kf8 34. Rg3 Ke7
35. g5 hxg5 36. hxg5 Qb6 37. gxf6+ gxf6 38. Rg7 Rh8+ 39. Kg2 Qd8 40. Rg1 Rg8
41. Kf2 Rxg7 42. Rxg7 Qh8 43. Qg3 Kf8 44. Rg4 Qh6 45. Ke1 Ke7 46. Rh4 Qc1+ 47.
Bd1 Rb8 48. Rh7 Rf8 49. Qg2 Ke8 50. Qd2 Qxd2+ 51. Kxd2 Rg8 52. Rh6 Rg2+ 53. Be2
Kf8 54. Kd1 Kg7 55. Rh3 Be8 56. Bf3 Rb2 57. Be2 c5 58. Rg3+ Kf8 59. Ke1 Bc6 60.
Rg6 Kf7 61. Bh5 Rh2 62. Bf3 Rh4 63. Kf2 Bxe4 0-1

[Event "Festival Aloas 2014 - Magistral"]
[Site "Buenos Aires ARG"]
[Date "2014.11.20"]
[Round "1.5"]
[White "Villanueva, Mario"]
[Black "Cori Quispe, Kevin"]
[Result "1/2-1/2"]
[WhiteElo "2429"]
[BlackElo "2412"]
[PlyCount "52"]
[EventDate "2014.11.20"]
[EventRounds "1"]
[EventCountry "ARG"]
[Source "lmi"]
[SourceDate "2014.11.20"]

1. e4 c5 2. Nf3 Nf6 3. e5 Nd5 4. Nc3 Nxc3 5. dxc3 Nc6 6. Bf4 e6 7. Bc4 h6 8.
Qe2 Qc7 9. O-O-O b6 10. Kb1 Bb7 11. Nd2 O-O-O 12. Ba6 d5 13. exd6 Bxd6 14.
Bxb7+ Kxb7 15. Bxd6 Rxd6 16. Nc4 Rdd8 17. g3 Rxd1+ 18. Rxd1 Rd8 19. Rd3 Kb8 20.
Qe4 g6 21. a4 h5 22. h4 Rxd3 23. cxd3 Kc8 24. Kc2 Kd7 25. Kd2 Ke7 26. Kc2 Kf8
1/2-1/2

[Event "Festival Aloas 2014 - Magistral"]
[Site "Buenos Aires ARG"]
[Date "2014.11.21"]
[Round "2.1"]
[White "Garcia Palermo, Carlos"]
[Black "Cori Quispe, Kevin"]
[Result "0-1"]
[WhiteElo "2449"]
[BlackElo "2412"]
[PlyCount "84"]
[EventDate "2014.11.20"]
[EventType "tourn"]
[EventRounds "9"]
[EventCountry "ARG"]
[EventCategory "8"]
[Source "lmi"]
[SourceDate "2014.11.20"]

1. d4 Nf6 2. Bg5 e6 3. e3 h6 4. Bh4 d6 5. Nd2 Nc6 6. c3 Bd7 7. Bd3 g5 8. Bg3
Bg7 9. f3 Qe7 10. Qc2 e5 11. O-O-O O-O-O 12. Ne2 Kb8 13. Bf2 Rhe8 14. Ng3 Qf8
15. Bf5 d5 16. Nb3 Bxf5 17. Nxf5 Nd7 18. Bg3 Ne7 19. Nxg7 Qxg7 20. c4 dxc4 21.
Qxc4 Nf5 22. Bf2 Nb6 23. Qc2 Qf6 24. dxe5 Qxe5 25. e4 Qf4+ 26. Kb1 Ne3 27. Bxe3
Qxe3 28. Rhe1 Qf4 29. h3 Qe5 30. Nc5 h5 31. Nd3 Qb5 32. Qc5 Qxc5 33. Nxc5 Kc8
34. Kc2 Nc4 35. Kc3 Ne5 36. Nd3 Ng6 37. g3 h4 38. Rg1 hxg3 39. Rxg3 f6 40. Re1
Re6 41. Nb4 Nf4 42. h4 a5 0-1

[Event "Festival Aloas 2014 - Magistral"]
[Site "Buenos Aires ARG"]
[Date "2014.11.21"]
[Round "2.2"]
[White "Dolezal, Cristian"]
[Black "Villanueva, Mario"]
[Result "1-0"]
[WhiteElo "2386"]
[BlackElo "2429"]
[PlyCount "71"]
[EventDate "2014.11.20"]
[EventType "tourn"]
[EventRounds "9"]
[EventCountry "ARG"]
[EventCategory "8"]
[Source "lmi"]
[SourceDate "2014.11.20"]

1. d4 Nf6 2. c4 g6 3. Nc3 Bg7 4. e4 d6 5. Nf3 O-O 6. Be2 e5 7. d5 a5 8. Bg5 h6
9. Bh4 Na6 10. Nd2 Qe8 11. Bxf6 Bxf6 12. h4 Nc5 13. h5 a4 14. Qc2 Kg7 15. O-O
Bg5 16. b4 axb3 17. Nxb3 b6 18. Nxc5 bxc5 19. a4 f5 20. hxg6 Qxg6 21. Bf3 fxe4
22. Bxe4 Qh5 23. Ne2 Bg4 24. Ng3 Qf7 25. Ra3 Qf4 26. Bf3 Bh4 27. Bxg4 Qxg4 28.
Ne4 Rf4 29. f3 Qg6 30. a5 Bg3 31. Qa4 Kh8 32. Qd7 Rg8 33. Qh3 Be1 34. Rxe1 Rh4
35. Qg3 Qh5 36. Qxg8+ 1-0

[Event "Festival Aloas 2014 - Magistral"]
[Site "Buenos Aires ARG"]
[Date "2014.11.21"]
[Round "2.3"]
[White "Saldaño Dayer, Horacio"]
[Black "Blit, Jacques"]
[Result "1/2-1/2"]
[WhiteElo "2449"]
[BlackElo "2337"]
[PlyCount "41"]
[EventDate "2014.11.20"]
[EventType "tourn"]
[EventRounds "9"]
[EventCountry "ARG"]
[EventCategory "8"]
[Source "lmi"]
[SourceDate "2014.11.20"]

1. e4 d6 2. d4 Nf6 3. Nc3 g6 4. Bf4 c6 5. Qd2 b5 6. Bd3 b4 7. Nce2 Qb6 8. h3
Ba6 9. Nf3 c5 10. c3 cxd4 11. cxd4 Bxd3 12. Qxd3 Qa6 13. Qe3 Bg7 14. O-O O-O
15. Ng3 Nbd7 16. Bh6 Qb5 17. Bxg7 Kxg7 18. e5 Nd5 19. Qg5 f6 20. exf6+ exf6 21.
Qd2 1/2-1/2

[Event "Festival Aloas 2014 - Magistral"]
[Site "Buenos Aires ARG"]
[Date "2014.11.21"]
[Round "2.4"]
[White "Sorin, Ariel"]
[Black "Bachmann, Axel"]
[Result "0-1"]
[WhiteElo "2442"]
[BlackElo "2621"]
[PlyCount "62"]
[EventDate "2014.11.20"]
[EventType "tourn"]
[EventRounds "9"]
[EventCountry "ARG"]
[EventCategory "8"]
[Source "lmi"]
[SourceDate "2014.11.20"]

1. d4 d5 2. c4 e6 3. Nc3 c6 4. e3 Bd6 5. Nf3 f5 6. Ne5 Nf6 7. f4 O-O 8. Bd3 Ne4
9. O-O b6 10. g4 Bxe5 11. fxe5 Ba6 12. cxd5 cxd5 13. gxf5 Qg5+ 14. Kh1 Rxf5 15.
Nxe4 dxe4 16. Be2 Bxe2 17. Qxe2 Rxf1+ 18. Qxf1 Nc6 19. Bd2 Ne7 20. Qh3 Qf5 21.
Qg2 Qg6 22. Qxg6 Nxg6 23. Rc1 Ne7 24. Rc7 Nd5 25. Rb7 Rc8 26. Bc3 Nxe3 27. Rxa7
Rf8 28. h3 Nd5 29. Ra3 e3 30. Kg2 e2 31. Be1 Rf1 0-1

[Event "Festival Aloas 2014 - Magistral"]
[Site "Buenos Aires ARG"]
[Date "2014.11.21"]
[Round "2.5"]
[White "Pichot, Alan"]
[Black "Della Morte, German"]
[Result "1-0"]
[WhiteElo "2464"]
[BlackElo "2392"]
[PlyCount "41"]
[EventDate "2014.11.20"]
[EventType "tourn"]
[EventRounds "9"]
[EventCountry "ARG"]
[EventCategory "8"]
[Source "lmi"]
[SourceDate "2014.11.20"]

1. e4 e5 2. Nf3 Nc6 3. Bb5 a6 4. Ba4 Nf6 5. O-O Be7 6. Re1 b5 7. Bb3 O-O 8. c3
d5 9. d4 exd4 10. e5 Ne4 11. cxd4 Bf5 12. Nbd2 Qd7 13. Bc2 Nb4 14. Bb1 Nxd2 15.
Bxd2 Nd3 16. e6 Qd6 17. exf7+ Kh8 18. Ne5 Nxb2 19. Qf3 Bxb1 20. Raxb1 Nc4 21.
Nxc4 1-0

[Event "Festival Aloas 2014 - Magistral"]
[Site "Buenos Aires ARG"]
[Date "2014.11.22"]
[Round "3.1"]
[White "Della Morte, German"]
[Black "Garcia Palermo, Carlos"]
[Result "0-1"]
[WhiteElo "2392"]
[BlackElo "2449"]
[PlyCount "114"]
[EventDate "2014.11.20"]
[EventType "tourn"]
[EventRounds "9"]
[EventCountry "ARG"]
[EventCategory "8"]
[Source "lmi"]
[SourceDate "2014.11.20"]

1. e4 e5 2. Nf3 Nc6 3. Bc4 Bc5 4. c3 d6 5. d4 exd4 6. cxd4 Bb6 7. Bb5 Bd7 8.
O-O Nf6 9. e5 dxe5 10. dxe5 Ne4 11. Qe2 Nc5 12. Bg5 Qc8 13. Nc3 h6 14. Bh4 a6
15. Bxc6 Bxc6 16. Nd4 O-O 17. Rad1 Re8 18. b4 Na4 19. Qc2 Qg4 20. Nxc6 Nxc3 21.
Qxc3 Qxh4 22. Na5 Rad8 23. Rxd8 Rxd8 24. g3 Qd4 25. Qb3 Qxe5 26. Nxb7 Rd2 27.
Nc5 Bxc5 28. bxc5 Qxc5 29. Qa4 Qb5 30. Qxb5 axb5 31. Rc1 Rxa2 32. Rxc7 g5 33.
Rb7 Rb2 34. Rb6 Kg7 35. h3 h5 36. Kg2 g4 37. h4 f6 38. Rb7+ Kg6 39. Rb8 b4 40.
Rb5 b3 41. Rb7 Rb1 42. Rb5 f5 43. Rb6+ Kf7 44. Rh6 Rc1 45. Rb6 Rc3 46. Kf1 Ke7
47. Ke1 Kd7 48. Kd2 Rf3 49. Ke2 Kc7 50. Rb4 Kc6 51. Rb8 Kc5 52. Rb7 Kc4 53.
Rc7+ Kb4 54. Rb7+ Kc3 55. Rc7+ Kb2 56. Rh7 Kc2 57. Rc7+ Rc3 0-1

[Event "Festival Aloas 2014 - Magistral"]
[Site "Buenos Aires ARG"]
[Date "2014.11.22"]
[Round "3.2"]
[White "Bachmann, Axel"]
[Black "Pichot, Alan"]
[Result "1-0"]
[WhiteElo "2621"]
[BlackElo "2464"]
[PlyCount "91"]
[EventDate "2014.11.20"]
[EventType "tourn"]
[EventRounds "9"]
[EventCountry "ARG"]
[EventCategory "8"]
[Source "lmi"]
[SourceDate "2014.11.20"]

1. c4 Nf6 2. Nc3 g6 3. g3 Bg7 4. Bg2 O-O 5. e4 c5 6. Nge2 Nc6 7. O-O d6 8. d3
Ne8 9. Be3 Nc7 10. d4 cxd4 11. Nxd4 Bd7 12. b3 Nxd4 13. Bxd4 Bc6 14. Bxg7 Kxg7
15. Qd2 Ne6 16. Rad1 a5 17. Qe3 Qb8 18. Nd5 Re8 19. Bh3 Ra6 20. Bxe6 fxe6 21.
Nf4 e5 22. Ne6+ Kf6 23. Ng5 Qa7 24. Nxh7+ Kg7 25. Qxa7 Rxa7 26. Ng5 b5 27. f4
bxc4 28. bxc4 exf4 29. Rxf4 Rb7 30. Rdf1 Reb8 31. Ne6+ Kg8 32. Rg4 Rb1 33.
Rxg6+ Kh8 34. Ng5 Rxf1+ 35. Kxf1 Rb1+ 36. Kf2 Rb2+ 37. Ke3 Rxa2 38. c5 Rxh2 39.
cxd6 exd6 40. Rxd6 Rc2 41. Ne6 Bb5 42. Rd8+ Kh7 43. Rd5 Bc4 44. Ng5+ Kg6 45.
Rxa5 Rg2 46. Nf3 1-0

[Event "Festival Aloas 2014 - Magistral"]
[Site "Buenos Aires ARG"]
[Date "2014.11.22"]
[Round "3.3"]
[White "Blit, Jacques"]
[Black "Sorin, Ariel"]
[Result "1-0"]
[WhiteElo "2337"]
[BlackElo "2442"]
[PlyCount "103"]
[EventDate "2014.11.20"]
[EventType "tourn"]
[EventRounds "9"]
[EventCountry "ARG"]
[EventCategory "8"]
[Source "lmi"]
[SourceDate "2014.11.20"]

1. e4 e5 2. Nf3 Nc6 3. d4 exd4 4. Nxd4 Qh4 5. Nc3 Bb4 6. Be2 Nf6 7. O-O d6 8.
Nf3 Qh5 9. Nd5 Nxd5 10. exd5 Ne7 11. Ng5 Qg6 12. Bh5 Qf6 13. Bxf7+ Kf8 14. Be6
Ke8 15. Qh5+ g6 16. Qg4 Bc5 17. Ne4 Qe5 18. Nxc5 dxc5 19. Bxc8 Rxc8 20. Bg5 Qf5
21. Qh4 Nxd5 22. c4 h6 23. Bxh6 Nf6 24. Qf4 Kf7 25. Qxf5 gxf5 26. Bf4 Rh4 27.
g3 Rh3 28. f3 Rch8 29. Rf2 c6 30. Re1 Re8 31. Rxe8 Nxe8 32. Rd2 Nf6 33. Bg5 Rh7
34. Rd6 Ne8 35. Rd7+ Kg6 36. Rxh7 Kxh7 37. Be3 b6 38. Kf2 Kg6 39. Ke2 Nf6 40.
Bf4 Nd7 41. Bc7 Kf6 42. Ke3 Kg5 43. h4+ Kg6 44. Kf4 b5 45. b3 Kf6 46. h5 Nf8
47. Be5+ Ke6 48. g4 fxg4 49. fxg4 Nd7 50. Ba1 Kf7 51. g5 Ke6 52. g6 1-0

[Event "Festival Aloas 2014 - Magistral"]
[Site "Buenos Aires ARG"]
[Date "2014.11.22"]
[Round "3.4"]
[White "Villanueva, Mario"]
[Black "Saldaño Dayer, Horacio"]
[Result "0-1"]
[WhiteElo "2429"]
[BlackElo "2449"]
[PlyCount "68"]
[EventDate "2014.11.20"]
[EventType "tourn"]
[EventRounds "9"]
[EventCountry "ARG"]
[EventCategory "8"]
[Source "lmi"]
[SourceDate "2014.11.20"]

1. e4 d6 2. d4 Nf6 3. Nc3 e5 4. Nf3 Nbd7 5. Bc4 Be7 6. O-O Nb6 7. Be2 exd4 8.
Nxd4 O-O 9. a4 a5 10. f4 c6 11. Bf3 Re8 12. b3 Bf8 13. Bb2 Nbd7 14. Re1 Nc5 15.
h3 g6 16. Qd2 Bg7 17. Rad1 Qb6 18. Kh1 Qc7 19. Qf2 Bd7 20. g4 h6 21. Qh4 Rad8
22. Nf5 gxf5 23. gxf5 Kh7 24. Rg1 Rg8 25. Rxg7+ Rxg7 26. Qxf6 Rdg8 27. Rxd6 Ne6
28. fxe6 Rg1+ 29. Kh2 Qxd6 30. Qf5+ R8g6 31. exd7 Qd2+ 32. Ne2 Rh1+ 33. Kxh1
Qe1+ 34. Kh2 Qf2+ 0-1

[Event "Festival Aloas 2014 - Magistral"]
[Site "Buenos Aires ARG"]
[Date "2014.11.22"]
[Round "3.5"]
[White "Cori Quispe, Kevin"]
[Black "Dolezal, Cristian"]
[Result "0-1"]
[WhiteElo "2412"]
[BlackElo "2386"]
[PlyCount "80"]
[EventDate "2014.11.20"]
[EventType "tourn"]
[EventRounds "9"]
[EventCountry "ARG"]
[EventCategory "8"]
[Source "lmi"]
[SourceDate "2014.11.20"]

1. e4 e6 2. d4 d5 3. Nc3 Bb4 4. e5 c5 5. a3 Bxc3+ 6. bxc3 Qa5 7. Bd2 Qa4 8. h4
Nc6 9. h5 h6 10. Nf3 c4 11. Rh4 Nge7 12. Rf4 Bd7 13. Nh4 Nf5 14. Qg4 Rg8 15.
Kd1 Nce7 16. Rf3 O-O-O 17. Qh3 Rdf8 18. g4 Nxh4 19. Qxh4 Nc6 20. Bh3 b5 21. Rf4
a5 22. Qg3 b4 23. Bc1 b3 24. cxb3 Qxb3+ 25. Ke1 Na7 26. Bf1 Ba4 27. Be2 Nb5 28.
Rf3 f6 29. exf6 Rxf6 30. Re3 Rgf8 31. f3 Kd7 32. Qe5 Qc2 33. f4 Nxc3 34. Bd2
Nxe2 35. Rxe2 c3 36. Be3 Qd3 37. Kf2 Bd1 38. Re1 c2 39. f5 Bxg4 40. Bf4 Qxf5
0-1

[Event "Festival Aloas 2014 - Magistral"]
[Site "Buenos Aires ARG"]
[Date "2014.11.23"]
[Round "4.1"]
[White "Garcia Palermo, Carlos"]
[Black "Dolezal, Cristian"]
[Result "0-1"]
[WhiteElo "2449"]
[BlackElo "2386"]
[PlyCount "83"]
[EventDate "2014.11.20"]
[EventType "tourn"]
[EventRounds "9"]
[EventCountry "ARG"]
[EventCategory "8"]
[Source "lmi"]
[SourceDate "2014.11.20"]

1. d4 g6 2. Nf3 Bg7 3. e4 d6 4. Nc3 a6 5. Bf4 Nc6 6. h3 e6 7. Qd2 h6 8. d5 Ne5
9. Bxe5 Bxe5 10. Nxe5 dxe5 11. O-O-O Qg5 12. Qxg5 hxg5 13. Bc4 Nf6 14. dxe6
Bxe6 15. Bxe6 fxe6 16. f3 Ke7 17. Na4 b6 18. Kd2 Nh5 19. Ke3 Nf4 20. Kf2 Rad8
21. b3 Rd4 22. c3 Rd3 23. Rxd3 Nxd3+ 24. Ke3 Nf4 25. Rh2 Rd8 26. Nb2 Nh5 27.
Nd3 Ng3 28. Nxe5 Rd1 29. Kf2 Nh1+ 30. Ke2 Ra1 31. f4 Ng3+ 32. Kf2 Nxe4+ 33. Kf3
Nd2+ 34. Kf2 Kf6 35. Ng4+ Kf5 36. fxg5 Rxa2 37. Rh1 Ne4+ 38. Kf3 Nd2+ 39. Kg3
Ne4+ 40. Kh4 Nxc3 41. Rc1 Ne2 42. Rxc7 0-1

[Event "Festival Aloas 2014 - Magistral"]
[Site "Buenos Aires ARG"]
[Date "2014.11.23"]
[Round "4.2"]
[White "Saldaño Dayer, Horacio"]
[Black "Cori Quispe, Kevin"]
[Result "1/2-1/2"]
[WhiteElo "2449"]
[BlackElo "2412"]
[PlyCount "90"]
[EventDate "2014.11.20"]
[EventType "tourn"]
[EventRounds "9"]
[EventCountry "ARG"]
[EventCategory "8"]
[Source "lmi"]
[SourceDate "2014.11.20"]

1. e4 c5 2. Nf3 e6 3. d4 cxd4 4. Nxd4 Nc6 5. Nc3 Qc7 6. g3 a6 7. Bg2 Nf6 8. O-O
d6 9. Re1 Nd7 10. b3 Be7 11. Bb2 O-O 12. Nce2 Re8 13. c4 Bf8 14. Rc1 Nc5 15.
Nf4 Ne5 16. b4 Ncd7 17. Qb3 b6 18. Nf3 Bb7 19. Nxe5 Nxe5 20. Nd3 Nxd3 21. Qxd3
Rec8 22. a3 Qc6 23. Qe3 Rab8 24. Qd3 Ba8 25. Rc2 Rc7 26. Rec1 Rbc8 27. Qe3 b5
28. c5 dxc5 29. bxc5 a5 30. h4 h6 31. Be5 Rd7 32. Qc3 Qa6 33. Qb2 Bc6 34. Bd6
Qb7 35. Bxf8 Kxf8 36. Qc3 b4 37. axb4 axb4 38. Qb3 Rd4 39. Rc4 Rxc4 40. Rxc4
Rb8 41. Rc1 Qa6 42. e5 Bxg2 43. Kxg2 Qa3 44. Qxa3 bxa3 45. c6 Rc8 1/2-1/2

[Event "Festival Aloas 2014 - Magistral"]
[Site "Buenos Aires ARG"]
[Date "2014.11.23"]
[Round "4.3"]
[White "Sorin, Ariel"]
[Black "Villanueva, Mario"]
[Result "0-1"]
[WhiteElo "2442"]
[BlackElo "2429"]
[PlyCount "68"]
[EventDate "2014.11.20"]
[EventType "tourn"]
[EventRounds "9"]
[EventCountry "ARG"]
[EventCategory "8"]
[Source "lmi"]
[SourceDate "2014.11.20"]

1. d4 Nf6 2. c4 g6 3. Nc3 Bg7 4. e4 d6 5. Be2 O-O 6. Bg5 Na6 7. f4 c6 8. Nf3
Nc7 9. Bh4 b5 10. e5 Ng4 11. Qd2 dxe5 12. Nxe5 Nxe5 13. fxe5 bxc4 14. Bxc4 c5
15. dxc5 Qxd2+ 16. Kxd2 Rd8+ 17. Ke1 Rd4 18. Bxf7+ Kxf7 19. Rf1+ Bf5 20. Bg3
Ne6 21. Rf3 Nxc5 22. Kf1 Ne4 23. Nxe4 Rxe4 24. Rc1 Rd8 25. Ra3 Bxe5 26. Bxe5
Rxe5 27. Re1 Rxe1+ 28. Kxe1 Rd7 29. Ra6 e6 30. b4 Kf6 31. a4 Ke5 32. b5 Be4 33.
g3 Bd5 34. Ke2 Kd4 0-1

[Event "Festival Aloas 2014 - Magistral"]
[Site "Buenos Aires ARG"]
[Date "2014.11.23"]
[Round "4.4"]
[White "Pichot, Alan"]
[Black "Blit, Jacques"]
[Result "1-0"]
[WhiteElo "2464"]
[BlackElo "2337"]
[PlyCount "45"]
[EventDate "2014.11.20"]
[EventType "tourn"]
[EventRounds "9"]
[EventCountry "ARG"]
[EventCategory "8"]
[Source "lmi"]
[SourceDate "2014.11.20"]

1. e4 c5 2. Nf3 e6 3. d4 cxd4 4. Nxd4 Nc6 5. Nxc6 dxc6 6. Qxd8+ Kxd8 7. Be3 Nf6
8. Nd2 e5 9. f3 Be6 10. Bc4 Bxc4 11. Nxc4 Nd7 12. O-O-O Kc7 13. f4 exf4 14.
Bxf4+ Kc8 15. Rd2 Be7 16. Rhd1 Nc5 17. Bd6 Nxe4 18. Bxe7 Nxd2 19. Rxd2 f6 20.
Bc5 Rd8 21. Re2 Kc7 22. Bf2 Rd5 23. Re7+ 1-0

[Event "Festival Aloas 2014 - Magistral"]
[Site "Buenos Aires ARG"]
[Date "2014.11.23"]
[Round "4.5"]
[White "Della Morte, German"]
[Black "Bachmann, Axel"]
[Result "1/2-1/2"]
[WhiteElo "2392"]
[BlackElo "2621"]
[PlyCount "63"]
[EventDate "2014.11.20"]
[EventType "tourn"]
[EventRounds "9"]
[EventCountry "ARG"]
[EventCategory "8"]
[Source "lmi"]
[SourceDate "2014.11.20"]

1. e4 g6 2. d4 Bg7 3. Nc3 c6 4. Nf3 d6 5. Be3 Nd7 6. Qd2 b5 7. Bd3 Bb7 8. O-O
a6 9. Ne2 c5 10. c3 c4 11. Bc2 Ngf6 12. d5 O-O 13. Rad1 Re8 14. Bg5 Qc7 15. Ng3
Nf8 16. Bh6 e6 17. Bxg7 Kxg7 18. dxe6 Nxe6 19. Qxd6 Qxd6 20. Rxd6 Nc5 21. Re1
Nfxe4 22. Bxe4 Nxe4 23. Nxe4 Bxe4 24. Nd4 Bd3 25. Re3 Red8 26. Rb6 Rdb8 27.
Rxb8 Rxb8 28. b4 Kf6 29. Rf3+ Kg7 30. Re3 Kf6 31. Rf3+ Kg7 32. Re3 1/2-1/2

[Event "Festival Aloas 2014 - Magistral"]
[Site "Buenos Aires ARG"]
[Date "2014.11.23"]
[Round "5.1"]
[White "Bachmann, Axel"]
[Black "Garcia Palermo, Carlos"]
[Result "1-0"]
[WhiteElo "2621"]
[BlackElo "2449"]
[PlyCount "79"]
[EventDate "2014.11.20"]
[EventType "tourn"]
[EventRounds "9"]
[EventCountry "ARG"]
[EventCategory "8"]
[Source "lmi"]
[SourceDate "2014.11.20"]

1. c4 Nf6 2. Nf3 b6 3. Nc3 Bb7 4. d4 e6 5. Bg5 h6 6. Bh4 Be7 7. Qc2 O-O 8. e4
d5 9. Bxf6 Bxf6 10. cxd5 exd5 11. e5 Be7 12. O-O-O Nd7 13. Qf5 c5 14. Bb5 cxd4
15. Nxd4 Nc5 16. Bc6 Rc8 17. Bxb7 Nxb7 18. Kb1 Bb4 19. Nce2 Qh4 20. Qf4 Qh5 21.
g4 Qg6+ 22. Qf5 Rfe8 23. f4 Na5 24. Nc2 Bf8 25. Rxd5 Qc6 26. Rhd1 Nc4 27. Qd3
f6 28. Nc3 fxe5 29. f5 e4 30. Nxe4 Ne5 31. Qb3 Qc4 32. Nf2 Qxb3 33. axb3 Bc5
34. Nd4 Bxd4 35. R5xd4 Nf3 36. Rf4 Nxh2 37. Ne4 Rc7 38. f6 Rf8 39. g5 Kh7 40.
Rh1 1-0

[Event "Festival Aloas 2014 - Magistral"]
[Site "Buenos Aires ARG"]
[Date "2014.11.23"]
[Round "5.2"]
[White "Blit, Jacques"]
[Black "Della Morte, German"]
[Result "1/2-1/2"]
[WhiteElo "2337"]
[BlackElo "2392"]
[PlyCount "25"]
[EventDate "2014.11.20"]
[EventType "tourn"]
[EventRounds "9"]
[EventCountry "ARG"]
[EventCategory "8"]
[Source "lmi"]
[SourceDate "2014.11.20"]

1. e4 d5 2. exd5 Qxd5 3. Nc3 Qd6 4. d4 Nf6 5. Nf3 c6 6. h3 Bf5 7. Bd3 Bxd3 8.
Qxd3 Nbd7 9. O-O e5 10. Bg5 Qc7 11. Rfe1 Bd6 12. Bxf6 Nxf6 13. Ne4 1/2-1/2

[Event "Festival Aloas 2014 - Magistral"]
[Site "Buenos Aires ARG"]
[Date "2014.11.23"]
[Round "5.3"]
[White "Villanueva, Mario"]
[Black "Pichot, Alan"]
[Result "1/2-1/2"]
[WhiteElo "2429"]
[BlackElo "2464"]
[PlyCount "119"]
[EventDate "2014.11.20"]
[EventType "tourn"]
[EventRounds "9"]
[EventCountry "ARG"]
[EventCategory "8"]
[Source "lmi"]
[SourceDate "2014.11.20"]

1. e4 c5 2. Nf3 Nc6 3. d4 cxd4 4. Nxd4 Qb6 5. Nb3 Nf6 6. Nc3 e6 7. Qe2 Bb4 8.
Bd2 O-O 9. a3 Be7 10. O-O-O d5 11. exd5 Nxd5 12. g3 a5 13. Bg2 a4 14. Nxd5 exd5
15. Be3 Qc7 16. Nd4 Bf6 17. Bxd5 Qe5 18. Bc4 Rd8 19. Bf4 Qxe2 20. Nxe2 Bg4 21.
Rxd8+ Rxd8 22. Nc3 Nd4 23. Ne4 Be2 24. Nxf6+ gxf6 25. Bd3 Bxd3 26. cxd3 Ne6 27.
Bh6 Rd5 28. Rd1 Rc5+ 29. Kb1 Rh5 30. Be3 Kf8 31. d4 Rd5 32. Kc2 Ke7 33. Kc3 Kd7
34. Kb4 b5 35. Rd2 Kc6 36. Ka5 Kb7 37. Rc2 h5 38. h4 f5 39. f4 Nd8 40. Kb4 Nc6+
41. Kc3 Rd8 42. Kd3 Ne7 43. Re2 Nc6 44. Bf2 Kc7 45. Rc2 Rd5 46. Rc1 Kd6 47. Re1
Kd7 48. Re2 Kd8 49. Kc3 Kd7 50. Re1 f6 51. Rd1 Na5 52. Rd2 Nc4 53. Re2 Na5 54.
Bg1 Nc6 55. Rd2 Na5 56. Rc2 Kd6 57. Bf2 Kd7 58. Kd3 Nb3 59. Kc3 Na5 60. Kd3
1/2-1/2